Andrés Manjón (Record no. 32326)

MARC details
000 -LEADER
campo de control de longitud fija 00709nam a2200205 i 4500
001 - NÚMERO DE CONTROL
campo de control 32326
003 - IDENTIFICADOR DE NÚMERO DE CONTROL
campo de control ES-MaACL
005 - FECHA Y HORA DE LA ÚLTIMA TRANSACCIÓN
campo de control 20250928104723.0
007 - CAMPO FIJO DE DESCRIPCIÓN FÍSICA--INFORMACIÓN GENERAL
campo de control de longitud fija t|
008 - DATOS DE LONGITUD FIJA--INFORMACIÓN GENERAL
campo de control de longitud fija 030131s1955 sp ||||1| spa d
100 1# - ENTRADA PRINCIPAL--NOMBRE DE PERSONA
Nombre de persona Benito y Durán, Angel.
9 (RLIN) 27697
245 10 - MENCIÓN DEL TÍTULO
Título Andrés Manjón
Resto del título : estudio de su sistema pedagógico /
Mención de responsabilidad, etc. por Angel Benito y Durán.
260 ## - PUBLICACIÓN, DISTRIBUCIÓN, ETC.
Lugar de publicación, distribución, etc. Granada :
Nombre del editor, distribuidor, etc. Cam,
Fecha de publicación, distribución, etc. 1955 (
Fabricante Francisco Román Camacho)
300 ## - DESCRIPCIÓN FÍSICA
Extensión 101 p. ;
Dimensiones 24 cm.
490 1# - MENCIÓN DE SERIE
Mención de serie Colección La nube y el ciprés. Serie caracol
600 14 - PUNTO DE ACCESO ADICIONAL DE MATERIA--NOMBRE DE PERSONA
Nombre de persona Manjón, Andrés,
Fechas asociadas al nombre 1846-1923
9 (RLIN) 76033
830 0# - PUNTO DE ACCESO ADICIONAL DE SERIE-TÍTULO UNIFORME
Título uniforme Colección La nube y el ciprés. Serie caracol
9 (RLIN) 229409
852 ## - LOCALIZACIÓN
Ubicación ES-MaACL
Número de control de estantería 1985-F-20
Sublocalización o colección R.38267
Holdings
Estatus retirado Estado de pérdida Estado de daño No para préstamo Colección Biblioteca de origen Biblioteca actual Ubicación en estantería Fecha de adquisición Fuente de adquisición Total de préstamos Signatura topográfica completa Código de barras Visto por última vez Precio de reemplazo Tipo de ítem Koha
        Colección de folletos Biblioteca del Ateneo de Madrid Biblioteca del Ateneo de Madrid Depósito folletos 17/01/2008     1985-F-20 1033481 23/02/2023 23/02/2023 Folleto